000 00557nam a2200169 i 4500
001 92496
003 ES-MaACL
005 20230906181002.0
007 t|
008 050310q19301939ag ||||1| spa d
100 1 _aLillo Catalán, V.
_972295
245 1 0 _aTrilogía doliente:
_bMusset, Chopin, Bécquer ; Dos grandes sinfonistas opuestos: Rubén Darío y Edgar Poe ; Plus Ultra ; Musa Popular Hispánica.
260 _aBuenos Aires :
_b[A. García],
_c[193?]
300 _a91 p. ;
_c23 cm.
852 _aES-MaACL
_j1796-F-2
852 _aES-MaACL
_j1794-F-6
999 _c92496
_d92496